00629nam a2200265Ia 4500008004100000020001900041100001500060245002600075245001800101260001500119260002000134260000900154300001700163300001100180440002000191440001100211650001300222650002500235650002200260650001400282650003300296650001300329650001300342700000800355160803s9999 xx 000 0 und d a978-0439176873 aNix, Garth 4aThe violet keystone / cby Garth Nix. aNew York : bScholastic Inc. c2001 a233 pages ;  c20 cm. aSeventh tower,  vbk. 6. aFantasy. aImaginary places --  aImaginary places. aMagic --  aScience fiction and fantasy. xFiction. xFiction. a780